La ciudad: un espacio educativo. Guía metodológica: ojo con Carabineros de Chile
I tiakina i:
| Ngā kaituhi matua: | , |
|---|---|
| Hōputu: | Pukapuka |
| Reo: | Pāniora |
| I whakaputaina: |
Santiago
Fundación Futuro
2010
|
| Putanga: | 1a. ed |
| Ngā marau: | |
| Ngā Tūtohu: |
Tāpirihia he Tūtohu
Kāore He Tūtohu, Me noho koe te mea tuatahi ki te tūtohu i tēnei pūkete!
|
MARC
| LEADER | 00000nam a2200000 a 4500 | ||
|---|---|---|---|
| 001 | UCG3944 | ||
| 003 | CL-VaPUC | ||
| 008 | 100923e20100800CL |||||||||||||||||spa|d | ||
| 082 | 0 | 4 | |a 363.2 |b MIR |2 21 |
| 100 | |a Miranda H., Irene |e autora |9 553253 | ||
| 700 | 0 | |a Piñera E., Magdalena |e author |9 553254 | |
| 245 | 1 | 3 | |a La ciudad: un espacio educativo. Guía metodológica: ojo con Carabineros de Chile |
| 250 | |a 1a. ed | ||
| 300 | |a 26 p | ||
| 942 | |c BK | ||
| 945 | |d 20100923 00:00:00 |a mfarfan | ||
| 260 | |a Santiago |b Fundación Futuro |c 2010 | ||
| 600 | 0 | 7 | |a CARABINEROS DE CHILE |2 CL-VaPUC |9 388628 |
| 650 | 7 | |a POLICIA |2 CL-VaPUC |9 313500 | |
| 583 | |a last modification |c 20100923 00:00:00 |k Rodrigo Vera | ||
| 999 | |c 342882 |d 342880 | ||
| 952 | |0 0 |1 0 |4 0 |6 363_200000000000000_MIR_2010 |7 0 |8 X |9 439562 |a FDOBUD |b FDOBUD |d 2019-11-22 |i 4718909 |o 363.2 MIR 2010 |p 4718909 |r 2019-11-22 |w 2019-11-22 |y BK_X |k BUD | ||